000 00717nam a22002175i 4500
001 154248
003 ES-MaACL
005 20260315185734.0
008 050819s1883 po | |||||||| ||por d
040 _aCAM
_bspa
_cCAM
100 1 _aGarrett, Almeida.
_955660
245 1 0 _aViagens na minha terra /
_cpelo Visconde de Almeida-Garret.
250 _a6ª ed.
260 _aLisboa :
_bImprensa Nacional,
_c1883.
300 _a2 v. (X, 293; 253 p.) ;
_c16 cm.
490 1 _aObras do Visconde de Almeida Garret ;
_v8; 9
752 _aPortugal -
_dLisboa
830 0 _aObras do Visconde de Almeida-Garrett
_v8; 9
_9187864
852 _aES-MaACL
_jG-8619-8620
_z-- Enc. pasta española
999 _c154248
_d154248